| 000 | 00551nam a2200193 a 4500 | ||
|---|---|---|---|
| 001 | 1486 | ||
| 003 | CDMR | ||
| 005 | 20131126173207.0 | ||
| 008 | 130130s1974||||||||||||||||||||||||||||d | ||
| 020 | _a8427611862 | ||
| 040 |
_aCDMR _bcat _cCDMR |
||
| 100 | 1 |
_aCendan, Fernando _91125 |
|
| 245 | 1 | 0 |
_aHistoria del derecho español de prensa e imprenta (1502-1966) _cFernando Cendan Pazos |
| 260 |
_aMadrid _c1974 _bNacional |
||
| 300 | _a368 p. | ||
| 490 | 0 | _aEspaña en 3 Tiempos | |
| 650 | 0 | 4 |
_94383 _aPremsa _xDret i legislació _zEspanya |
| 942 |
_cMON _2udc |
||
| 999 |
_c1486 _d1486 |
||